| 000 | 00859pam a2200277 i 4500 | ||
|---|---|---|---|
| 999 |
_c41170 _d41170 |
||
| 001 | 4612100 | ||
| 003 | OSt | ||
| 005 | 20210702121838.0 | ||
| 008 | 771014s1978 nyua b 001 0 eng | ||
| 010 | _a 77016092 | ||
| 020 | _a0387902880 | ||
| 020 | _a9780387902883 | ||
| 040 |
_aDLC _cDLC _dDLC |
||
| 050 | 0 | 0 |
_aQA612 _b.C75 |
| 082 | 0 | 0 |
_a514.2 _bCRO/B |
| 100 | 1 |
_aCroom, Fred H., _d1941- _98625 |
|
| 245 | 1 | 0 |
_aBasic concepts of algebraic topology / _cFred H. Croom. |
| 260 |
_aNew York : _bSpringer-Verlag, _cc1978. |
||
| 300 |
_ax, 177 p. : _bdiagrs. ; _c25 cm. |
||
| 490 | 0 | _aUndergraduate texts in mathematics | |
| 500 | _aIncludes index. | ||
| 504 | _aBibliography: p. 169-171. | ||
| 650 | 0 | _aAlgebraic topology. | |
| 906 |
_a7 _bcbc _corignew _d1 _eocip _f19 _gy-gencatlg |
||
| 942 |
_2ddc _cBK _h514.2 _iCRO/B _k514.2 _mCRO/B |
||